[Event "11th EUR-ch"]
[Site "Rijeka CRO"]
[Date "2010.03.07"]
[Round "2"]
[White "Roiz, Michael"]
[Black "Azaladze, Shota"]
[Result "1/2-1/2"]
[WhiteElo "2652"]
[BlackElo "2433"]
[EventDate "2010.03.06"]
[PlyCount "142"]

1.d4 g6 2.e4 Bg7 3.Nf3 d6 4.Be2 Nf6 5.Nc3 O-O 6.O-O c6 7.Bf4 Bg4 8.h3 Bxf3
9.Bxf3 Nfd7 10.Qd2 a5 11.a4 Na6 12.Bg5 Re8 13.Be2 Nc7 14.Rad1 d5 15.exd5 
cxd5 16.Nb5 Ne6 17.Bh4 Nf6 18.Bf3 Nc7 19.c4 Nxb5 20.axb5 Qb6 21.Bxf6 Bxf6 
22.Bxd5 Rad8 23.Qf4 Rxd5 24.cxd5 Rd8 25.Rc1 Qxb5 26.Rc5 Qxb2 27.Qc7 Ra8 
28.Rxa5 Rxa5 29.Qxa5 b6 30.Qa1 Qxd4 31.Qxd4 Bxd4 32.Rd1 Bc5 33.Kf1 g5 34.
Ke2 Kg7 35.Kf3 Kg6 36.Re1 h5 37.g4 b5 38.Rc1 Bd6 39.Ke4 hxg4 40.hxg4 b4 
41.Rh1 Kf6 42.Rh3 Kg6 43.Rf3 Bf4 44.Rb3 Bd6 45.Kd4 Kg7 46.Kc4 Kf6 47.Rf3+ 
Kg7 48.Kb5 f6 49.Kc6 Kf7 50.Re3 Ke8 51.Rb3 Kf7 52.Re3 Ke8 53.Re1 Be5 54.
Rb1 Bd6 55.f3 Kf7 56.Kb5 Ke8 57.Ra1 Kf7 58.Kc4 Ke8 59.Ra7 Kd8 60.Kb5 Ke8 
61.Ra1 Kd7 62.Ra7+ Ke8 63.Kc4 Kf7 64.Ra8 Kg7 65.Ra2 Kf7 66.Ra6 Kg6 67.Kd3 
Kf7 68.Kc4 Kg6 69.Rxd6 exd6 70.Kxb4 f5 71.Kb5 Kf6 1/2-1/2

[Event "11th EUR-ch"]
[Site "Rijeka CRO"]
[Date "2010.03.07"]
[Round "2"]
[White "Postny, Evgeny"]
[Black "Piscopo, Pierluigi"]
[Result "1-0"]
[WhiteElo "2641"]
[BlackElo "2418"]
[EventDate "2010.03.06"]
[PlyCount "69"]

1.d4 Nf6 2.c4 c5 3.d5 e6 4.Nc3 exd5 5.cxd5 d6 6.Nf3 g6 7.Nd2 Bg7 8.e4 O-O 
9.Be2 Re8 10.O-O Nbd7 11.Re1 Ne5 12.Nf1 Bg4 13.f3 Bd7 14.f4 Neg4 15.h3 Nh6
16.Bf3 b5 17.e5 Nh5 18.g4 Qh4 19.gxh5 Bxh3 20.hxg6 hxg6 21.Re2 Nf5 22.Rh2 
dxe5 23.Bg2 exf4 24.Rxh3 Bd4+ 25.Qxd4 cxd4 26.Rxh4 Nxh4 27.Nxb5 Re1 28.
Nxd4 Rd1 29.Nb3 f3 30.Bh3 Rxd5 31.Be3 a5 32.Rc1 a4 33.Nbd2 Re8 34.Rc4 Ng2 
35.Ne4 1-0

[Event "11th EUR-ch"]
[Site "Rijeka CRO"]
[Date "2010.03.07"]
[Round "2"]
[White "Lekic, Dusan"]
[Black "Kobalia, Mikhail"]
[Result "0-1"]
[WhiteElo "2396"]
[BlackElo "2637"]
[EventDate "2010.03.06"]
[PlyCount "58"]

1.d4 d5 2.c4 c6 3.Nf3 Nf6 4.Nc3 a6 5.c5 Nbd7 6.Bf4 Nh5 7.e3 b6 8.cxb6 Nxf4
9.exf4 e6 10.Bd3 Bd6 11.g3 c5 12.Rc1 cxd4 13.Nxd4 Qxb6 14.Bb1 Bc5 15.Nce2 
Qxb2 16.O-O Qb6 17.f5 e5 18.Nb3 Ba3 19.Rc3 Bb7 20.g4 Be7 21.Rh3 Rd8 22.Ng3
h6 23.Re1 O-O 24.Nh5 Rfe8 25.Re2 Bg5 26.Qe1 e4 27.Kf1 Nf6 28.Nxf6+ Qxf6 
29.Qb4 Bc6 0-1

[Event "11th EUR-ch"]
[Site "Rijeka CRO"]
[Date "2010.03.07"]
[Round "2"]
[White "Hamitevici, Vladimir"]
[Black "Bartel, Mateusz"]
[Result "1-0"]
[WhiteElo "2401"]
[BlackElo "2634"]
[EventDate "2010.03.06"]
[PlyCount "79"]

1.d4 f5 2.g3 Nf6 3.Bg2 g6 4.Nf3 Bg7 5.O-O O-O 6.c3 a5 7.a4 e6 8.Nbd2 Nc6 
9.Re1 d5 10.Qb3 b6 11.Nb1 Ne4 12.Na3 g5 13.Nd2 g4 14.Nf1 Ne7 15.f3 Nd6 16.
Bg5 h6 17.Bf4 Ng6 18.Bxd6 Qxd6 19.fxg4 f4 20.Qc2 Rf6 21.e4 e5 22.Nb5 Qf8 
23.exd5 Bxg4 24.Be4 f3 25.Kf2 Bh5 26.dxe5 Nf4 27.gxf4 Rxf4 28.Nd4 Qe7 29.
Nf5 Qc5+ 30.Re3 Bxe5 31.N1g3 Bf7 32.Nxh6+ Kf8 33.Nxf7 Rxf7 34.Nh5 Re8 35.
Re1 Bh8 36.Qd3 Re5 37.Bg6 Rfe7 38.Kxf3 Rxd5 39.Qb5 Rxe3+ 40.Rxe3 1-0

[Event "11th EUR-ch"]
[Site "Rijeka CRO"]
[Date "2010.03.07"]
[Round "2"]
[White "Papaioannou, Ioannis"]
[Black "Zavhorodnii, Serhii"]
[Result "1-0"]
[WhiteElo "2630"]
[BlackElo "2409"]
[EventDate "2010.03.06"]
[PlyCount "103"]

1.d4 Nf6 2.c4 e6 3.g3 Bb4+ 4.Nd2 Nc6 5.Nf3 d5 6.Bg2 O-O 7.Qc2 dxc4 8.Qxc4 
Qd5 9.O-O a5 10.Rd1 Rd8 11.a3 Bd6 12.b3 Qh5 13.Bb2 e5 14.dxe5 Nxe5 15.Qc3 
Re8 16.Nc4 Nxc4 17.Qxc4 Be6 18.Qc3 Bd5 19.Qc2 Be4 20.Qc1 Nd7 21.Qc3 Qh6 
22.Rac1 Ne5 23.Nh4 Bxg2 24.Kxg2 Ng4 25.Qc4 Qe6 26.Qxe6 fxe6 27.Nf3 Ra6 28.
h3 Nf6 29.Ne5 Ne4 30.Nc4 Bf8 31.Rd3 a4 32.b4 Rc6 33.b5 Rc5 34.f3 Nf6 35.
Nd2 Rxb5 36.Bxf6 gxf6 37.Rxc7 f5 38.g4 Rb2 39.Kf2 b5 40.Rdd7 Bxa3 41.Nf1 
f4 42.g5 Rb1 43.Nd2 Rc1 44.Rg7+ Kh8 45.Rxh7+ Kg8 46.Rcg7+ Kf8 47.Rf7+ Kg8 
48.Ne4 Bc5+ 49.Nxc5 Rxc5 50.h4 a3 51.Rfg7+ Kf8 52.h5 1-0

[Event "11th EUR-ch"]
[Site "Rijeka CRO"]
[Date "2010.03.07"]
[Round "2"]
[White "Golubovic, Boris"]
[Black "Vuckovic, Bojan"]
[Result "1/2-1/2"]
[WhiteElo "2392"]
[BlackElo "2630"]
[EventDate "2010.03.06"]
[PlyCount "56"]

1.Nf3 Nf6 2.c4 c5 3.Nc3 e6 4.e3 Nc6 5.d4 d5 6.cxd5 exd5 7.Bb5 Bd6 8.dxc5 
Bxc5 9.O-O O-O 10.b3 Bg4 11.Bb2 Rc8 12.Rc1 Bd6 13.Ne2 Bxf3 14.gxf3 Be5 15.
Ba3 Bd6 16.Bb2 Ne5 17.Ng3 Rxc1 18.Bxc1 Qa5 19.a4 Bb4 20.Kh1 a6 21.Be2 Ng6 
22.Qc2 Bc3 23.Ba3 Rc8 24.Nf5 Rc6 25.Qb1 Bb4 26.Bb2 Bc3 27.Ba3 Bb4 28.Bb2 
Bc3 1/2-1/2

[Event "11th EUR-ch"]
[Site "Rijeka CRO"]
[Date "2010.03.07"]
[Round "2"]
[White "l`Ami, Erwin"]
[Black "Sale, Srdjan"]
[Result "1-0"]
[WhiteElo "2628"]
[BlackElo "2396"]
[EventDate "2010.03.06"]
[PlyCount "75"]

1.d4 Nf6 2.c4 e6 3.Nf3 c5 4.Nc3 cxd4 5.Nxd4 Bb4 6.g3 Ne4 7.Qd3 Qa5 8.Nb3 
Nxc3 9.Nxa5 Ne4+ 10.Bd2 Bxd2+ 11.Qxd2 Nxd2 12.Kxd2 Nc6 13.Nxc6 dxc6 14.Kc3
e5 15.Bg2 Bf5 16.b4 O-O-O 17.Rhd1 Bg4 18.h3 Bh5 19.Be4 Bg6 20.Bxg6 hxg6 
21.h4 Kc7 22.Rab1 Rhe8 23.a4 b6 24.a5 Kb7 25.Ra1 Rh8 26.Rdc1 Rd4 27.Ra2 
Rdd8 28.axb6 axb6 29.Rca1 Ra8 30.Rxa8 Rxa8 31.Rxa8 Kxa8 32.Kd3 f5 33.f4 c5
34.fxe5 Kb7 35.bxc5 bxc5 36.e4 Kc7 37.Ke3 Kd7 38.Kf4 1-0

[Event "11th EUR-ch"]
[Site "Rijeka CRO"]
[Date "2010.03.07"]
[Round "2"]
[White "Szamoskozi, Gabor"]
[Black "Macieja, Bartlomiej"]
[Result "1/2-1/2"]
[WhiteElo "2347"]
[BlackElo "2625"]
[EventDate "2010.03.06"]
[PlyCount "152"]

1.e4 c5 2.Nf3 Nc6 3.d4 cxd4 4.Nxd4 e6 5.Nc3 Qc7 6.Be2 a6 7.O-O Nf6 8.Be3 
Be7 9.Kh1 O-O 10.f4 d6 11.Qe1 Nxd4 12.Bxd4 b5 13.a3 Bb7 14.Qg3 Bc6 15.Rae1
Rae8 16.Bd3 e5 17.fxe5 Nh5 18.Qh3 dxe5 19.Nd5 Bxd5 20.exd5 exd4 21.Qxh5 g6
22.Qg4 Bc5 23.g3 Qd6 24.Qf3 Rd8 25.Ra1 Rde8 26.Rae1 Rxe1 27.Rxe1 Rd8 28.
Kg2 Bb6 29.Qe4 Kh8 30.Qh4 h5 31.Kg1 Rd7 32.Qg5 Kg7 33.Qe5+ Qxe5 34.Rxe5 
Kf8 35.Kf1 Rd6 36.Kg2 Bd8 37.b3 Bf6 38.Re1 Rxd5 39.Ra1 a5 40.a4 b4 41.Re1 
Be5 42.Rf1 Kg7 43.Bc4 Rd7 44.Re1 f6 45.h3 Rc7 46.Kf3 Rc5 47.Re2 Kf8 48.Re1
Rc7 49.Bd3 Kf7 50.g4 hxg4+ 51.hxg4 Re7 52.Bc4+ Kg7 53.Bd3 Kh6 54.Rh1+ Kg5 
55.Be4 Rc7 56.Bd3 Rf7 57.Rh3 Re7 58.Be4 Rc7 59.Bd3 Re7 60.Be4 f5 61.gxf5 
gxf5 62.Bd3 Bd6 63.Rh8 Re3+ 64.Kg2 Rg3+ 65.Kf2 Re3 66.Rc8 Re7 67.Kf3 Re3+ 
68.Kg2 Re7 69.Kf3 f4 70.Rg8+ Kf6 71.Rg6+ Kf7 72.Rg5 Re3+ 73.Kf2 Be5 74.Rh5
Kg8 75.Rg5+ Kf8 76.Rf5+ Kg8 1/2-1/2

[Event "11th EUR-ch"]
[Site "Rijeka CRO"]
[Date "2010.03.07"]
[Round "2"]
[White "Nyback, Tomi"]
[Black "Bajarani, Ulvi"]
[Result "1/2-1/2"]
[WhiteElo "2624"]
[BlackElo "2395"]
[EventDate "2010.03.06"]
[PlyCount "141"]

1.d4 d5 2.c4 c6 3.Nf3 Nf6 4.e3 e6 5.b3 Nbd7 6.Bd3 Bd6 7.Bb2 O-O 8.O-O Qe7 
9.Ne5 c5 10.Nd2 b6 11.Nc6 Qe8 12.e4 Bb7 13.exd5 exd5 14.Re1 Qc8 15.Ne7+ 
Bxe7 16.Rxe7 Qd8 17.Re1 cxd4 18.Bxd4 Nc5 19.Bf1 Ne6 20.Bb2 Re8 21.Qf3 Rb8 
22.Rad1 d4 23.Qf5 g6 24.Qe5 Ng4 25.Qg3 Nf6 26.b4 Nh5 27.Qe5 f6 28.Qb5 Qc8 
29.Qa4 Bc6 30.Qb3 a5 31.b5 Bb7 32.c5 bxc5 33.Bc4 Ng7 34.Ne4 Bxe4 35.Rxe4 
Kh8 36.Ba3 Ng5 37.Rxe8+ Nxe8 38.Rc1 Ne4 39.Bd3 N8d6 40.Qd5 Qf5 41.Qxf5 
gxf5 42.Bxc5 Nxb5 43.Bxb5 Rxb5 44.Bxd4 Rd5 45.Ba1 Kg7 46.f3 Nc5 47.Bc3 Nd3
48.Rd1 a4 49.Kf1 Kf7 50.g3 Ke6 51.Ke2 Ne5 52.Rxd5 Kxd5 53.Ke3 h5 54.h3 
Nc4+ 55.Ke2 Ne5 56.Bb4 Nc6 57.Bf8 Nd4+ 58.Ke3 Ne6 59.Be7 f4+ 60.gxf4 f5 
61.Bf6 Kc4 62.Be5 Nf8 63.Bg7 Ne6 64.Bf6 Nf8 65.Be7 Ne6 66.Bd6 Kd5 67.Be5 
Kc4 68.Kf2 Nf8 69.Bd6 Ng6 70.Ke3 Kd5 71.Ba3 1/2-1/2

[Event "11th EUR-ch"]
[Site "Rijeka CRO"]
[Date "2010.03.07"]
[Round "2"]
[White "Iordachescu, Viorel"]
[Black "Schmidt, Raul"]
[Result "1-0"]
[WhiteElo "2621"]
[BlackElo "2387"]
[EventDate "2010.03.06"]
[PlyCount "37"]

1.e4 e6 2.d4 d5 3.Nc3 Bb4 4.e5 c5 5.a3 Bxc3+ 6.bxc3 Ne7 7.Nf3 Bd7 8.a4 Qa5
9.Bd2 Nbc6 10.Bb5 Qc7 11.O-O Na5 12.Bd3 Nc4 13.Bc1 Nb6 14.Ng5 h6 15.Qh5 g6
16.Qh4 Ng8 17.dxc5 Qxc5 18.Ba3 Qxc3 19.Nxf7 1-0

[Event "11th EUR-ch"]
[Site "Rijeka CRO"]
[Date "2010.03.07"]
[Round "2"]
[White "Edouard, Romain"]
[Black "Lanzani, Mario"]
[Result "1-0"]
[WhiteElo "2617"]
[BlackElo "2371"]
[EventDate "2010.03.06"]
[PlyCount "39"]

1.d4 Nf6 2.c4 g6 3.f3 Bg7 4.e4 d6 5.Nc3 O-O 6.Be3 c5 7.Nge2 Nc6 8.d5 Ne5 
9.Ng3 h5 10.Be2 h4 11.Nf1 e6 12.Nd2 exd5 13.cxd5 a6 14.a4 Rb8 15.O-O Qe8 
16.a5 Bd7 17.h3 Nh7 18.f4 Bh6 19.Qe1 Qd8 20.Nd1 1-0

[Event "11th EUR-ch"]
[Site "Rijeka CRO"]
[Date "2010.03.07"]
[Round "2"]
[White "Zaslavsky, Mikhail"]
[Black "Hracek, Zbynek"]
[Result "1/2-1/2"]
[WhiteElo "2391"]
[BlackElo "2615"]
[EventDate "2010.03.06"]
[PlyCount "96"]

1.e4 c5 2.Nf3 e6 3.d4 cxd4 4.Nxd4 a6 5.Bd3 Qb6 6.Nb3 Qc7 7.O-O d6 8.Nc3 
Nd7 9.f4 Ngf6 10.Qf3 b5 11.a4 Bb7 12.Qh3 Be7 13.Be3 O-O 14.Rae1 Rfe8 15.g4
g6 16.g5 Nh5 17.f5 exf5 18.exf5 Bf8 19.fxg6 hxg6 20.Rxf7 Kxf7 21.Rf1+ Kg8 
22.Bxg6 Ne5 23.Bxh5 Qh7 24.Bf7+ Nxf7 25.Qxh7+ Kxh7 26.Rxf7+ Kg6 27.Rf6+ 
Kh5 28.Kf2 Bg7 29.Rxd6 Re7 30.Nc5 Rf8+ 31.Ke2 Bxc3 32.bxc3 Rfe8 33.Nxb7 
Rxe3+ 34.Kd2 Re2+ 35.Kc1 Rg2 36.Kb2 Ree2 37.Kb3 Rxc2 38.Kb4 Rg4+ 39.Kb3 
Rc1 40.Rxa6 Rxg5 41.Rc6 Rb1+ 42.Kc2 Rh1 43.Rc5 Rxh2+ 44.Kb3 Rxc5 45.Nxc5 
Kg6 46.Ne6 Kf6 47.Nd4 Ke7 48.Nxb5 Kd7 1/2-1/2

[Event "11th EUR-ch"]
[Site "Rijeka CRO"]
[Date "2010.03.07"]
[Round "2"]
[White "Berg, Emanuel"]
[Black "Wintzer, Joachim"]
[Result "1-0"]
[WhiteElo "2594"]
[BlackElo "2361"]
[EventDate "2010.03.06"]
[PlyCount "82"]

1.e4 e6 2.d4 d5 3.Nc3 Nf6 4.Bg5 Bb4 5.e5 h6 6.Bd2 Bxc3 7.bxc3 Ne4 8.Qg4 g6
9.Qf4 c5 10.Bd3 Nxd2 11.Qxd2 Nc6 12.Nf3 c4 13.Be2 Bd7 14.h4 f5 15.exf6 
Qxf6 16.h5 g5 17.Nh2 O-O-O 18.O-O Rdf8 19.Bg4 Rh7 20.Rae1 Re7 21.Re3 Qg7 
22.Rfe1 Qg8 23.R1e2 Rfe8 24.Qe1 Qf7 25.g3 Kc7 26.Nf3 Qf6 27.Kg2 Qf7 28.Qc1
Qf6 29.Qa3 Qf8 30.Ne5 Nxe5 31.Rxe5 Qf6 32.Qxa7 Qf7 33.a4 Qg8 34.a5 Kc8 35.
a6 bxa6 36.Qxa6+ Kc7 37.Qa7+ Kc8 38.Re1 Bc6 39.Qc5 Kd7 40.Ra1 Ra8 41.Rxd5+
Bxd5+ 1-0

[Event "11th EUR-ch"]
[Site "Rijeka CRO"]
[Date "2010.03.07"]
[Round "2"]
[White "Feher, Adam"]
[Black "Buhmann, Rainer"]
[Result "1/2-1/2"]
[WhiteElo "2260"]
[BlackElo "2587"]
[EventDate "2010.03.06"]
[PlyCount "57"]

1.e4 e5 2.Nf3 Nc6 3.Bb5 Nf6 4.O-O Nxe4 5.d4 Nd6 6.dxe5 Nxb5 7.a4 Nxe5 8.
Nxe5 Nd6 9.Qg4 h5 10.Qh3 Be7 11.Nc3 O-O 12.Qxh5 Nf5 13.Qxf5 d6 14.Qh5 dxe5
15.Rd1 Qe8 16.Qxe5 Bd6 17.Qxe8 Rxe8 18.Be3 Bf5 19.Nb5 Be5 20.c3 a6 21.Nd4 
Bg6 22.Re1 f6 23.Nb3 a5 24.Bd4 Bd6 25.Bc5 Be5 26.Bd4 Bd6 27.Bc5 Be5 28.Bd4
Bd6 29.Bc5 1/2-1/2

[Event "11th EUR-ch"]
[Site "Rijeka CRO"]
[Date "2010.03.07"]
[Round "2"]
[White "Zhigalko, Andrei"]
[Black "Nedochetov, Mikhail"]
[Result "1-0"]
[WhiteElo "2587"]
[BlackElo "2299"]
[EventDate "2010.03.06"]
[PlyCount "59"]

1.e4 e6 2.d4 d5 3.e5 c5 4.c3 Qb6 5.Nf3 Nc6 6.Na3 cxd4 7.cxd4 Nh6 8.Nc2 Nf5
9.Bd3 Bd7 10.O-O Be7 11.Kh1 a5 12.g4 Nh6 13.Rg1 Ng8 14.a3 a4 15.Be3 Na5 
16.Qe2 Bc6 17.Rab1 Nb3 18.Nfe1 g6 19.f4 f5 20.gxf5 exf5 21.Nf3 Bd7 22.Bf2 
Be6 23.Qe1 O-O-O 24.Bh4 Kb8 25.Rd1 Rc8 26.Rg2 Na5 27.Nb4 Nb3 28.Bc2 Rc7 
29.Na2 Bf8 30.Bd8 1-0

[Event "11th EUR-ch"]
[Site "Rijeka CRO"]
[Date "2010.03.07"]
[Round "2"]
[White "Popov, Valery"]
[Black "Dimitrijevic, Darko"]
[Result "1-0"]
[WhiteElo "2585"]
[BlackElo "2272"]
[EventDate "2010.03.06"]
[PlyCount "45"]

1.d4 d5 2.c4 c6 3.Nf3 f5 4.Bf4 Nf6 5.e3 Be6 6.Qb3 Qb6 7.c5 Qa5+ 8.Nc3 Bc8 
9.Bd3 g6 10.O-O Bg7 11.Qc2 Ne4 12.Rab1 Qd8 13.b4 Nd7 14.b5 Qa5 15.Qa4 Qxa4
16.Nxa4 h6 17.h3 Kf7 18.Rb3 Re8 19.Bc7 a6 20.bxc6 bxc6 21.Nb6 Ra7 22.Nxd7 
Rxc7 23.Nde5+ 1-0

[Event "11th EUR-ch"]
[Site "Rijeka CRO"]
[Date "2010.03.07"]
[Round "2"]
[White "Kadric, Denis"]
[Black "Rakhmanov, Alexander"]
[Result "0-1"]
[WhiteElo "2171"]
[BlackElo "2584"]
[EventDate "2010.03.06"]
[PlyCount "58"]

1.e4 c5 2.Nf3 d6 3.d4 cxd4 4.Nxd4 Nf6 5.Nc3 a6 6.g3 g6 7.Bg2 Bg7 8.O-O O-O
9.h3 Bd7 10.Be3 Nc6 11.Qd2 Re8 12.g4 Rc8 13.Nde2 b5 14.Rac1 Ne5 15.b3 b4 
16.Nd5 Nxd5 17.exd5 Bb5 18.Rfe1 Bxe2 19.Rxe2 a5 20.a3 bxa3 21.Bd4 a4 22.f4
axb3 23.cxb3 Nf3+ 24.Bxf3 Bxd4+ 25.Kg2 a2 26.Qxd4 Rxc1 27.Rxa2 Qc7 28.Kg3 
Rb8 29.Ra7 Qc3 0-1

[Event "11th EUR-ch"]
[Site "Rijeka CRO"]
[Date "2010.03.07"]
[Round "2"]
[White "Gagunashvili, Merab"]
[Black "Nakar, Eylon"]
[Result "1-0"]
[WhiteElo "2582"]
[BlackElo "2264"]
[EventDate "2010.03.06"]
[PlyCount "91"]

1.d4 Nf6 2.c4 g6 3.Nc3 Bg7 4.Bg5 d6 5.e3 O-O 6.Nf3 Nbd7 7.Be2 e5 8.O-O h6 
9.Bh4 g5 10.Bg3 Nh5 11.dxe5 Nxg3 12.hxg3 dxe5 13.g4 Nc5 14.Nd2 f5 15.gxf5 
Bxf5 16.Bf3 Bd3 17.Re1 c6 18.Nce4 Nxe4 19.Bxe4 Qf6 20.f3 Rad8 21.Bxd3 Qd6 
22.Ne4 Qxd3 23.Qxd3 Rxd3 24.Rad1 Rfd8 25.Rxd3 Rxd3 26.Kf2 Bf8 27.Ke2 Rd8 
28.Rd1 Rxd1 29.Kxd1 Kf7 30.g4 Ke6 31.Ke2 Be7 32.Kd3 Bf8 33.Ng3 Be7 34.Ke4 
Bc5 35.Ne2 Bb4 36.Nc1 Bc5 37.Nd3 Bd6 38.b4 b5 39.cxb5 cxb5 40.Nc5+ Kf6 41.
Kd5 Be7 42.a3 Kg6 43.Nd3 h5 44.Nxe5+ Kh6 45.gxh5 Kxh5 46.Nc6 1-0

[Event "11th EUR-ch"]
[Site "Rijeka CRO"]
[Date "2010.03.07"]
[Round "2"]
[White "Halkias, Stelios"]
[Black "Voiteanu, Gabriel"]
[Result "1-0"]
[WhiteElo "2580"]
[BlackElo "2254"]
[EventDate "2010.03.06"]
[PlyCount "40"]

1.c4 Nf6 2.Nc3 d5 3.cxd5 Nxd5 4.g3 g6 5.Bg2 Nb6 6.d3 Bg7 7.Be3 c6 8.Qd2 
Nd5 9.Bh6 O-O 10.Bxg7 Kxg7 11.Rc1 e5 12.Nf3 Qe7 13.O-O Rd8 14.h3 f6 15.Nh2
Be6 16.Ng4 g5 17.Ne3 Na6 18.Nexd5 cxd5 19.f4 d4 20.fxg5 fxg5 1-0

[Event "11th EUR-ch"]
[Site "Rijeka CRO"]
[Date "2010.03.07"]
[Round "2"]
[White "Maevsky, Nikolay"]
[Black "Nijboer, Friso"]
[Result "1/2-1/2"]
[WhiteElo "2275"]
[BlackElo "2562"]
[EventDate "2010.03.06"]
[PlyCount "110"]

1.d4 f5 2.Bg5 g6 3.Nd2 Bg7 4.e4 fxe4 5.Nxe4 d5 6.Ng3 c5 7.Nf3 Nc6 8.dxc5 
Bxb2 9.Rb1 Bc3+ 10.Bd2 Qa5 11.Bb5 Nf6 12.O-O Bxd2 13.Nxd2 O-O 14.c4 a6 15.
Nb3 Qc7 16.Bxc6 bxc6 17.Qd2 a5 18.Qc3 a4 19.Nd2 e5 20.cxd5 cxd5 21.Rfe1 e4
22.f3 Ra5 23.Rec1 Nd7 24.fxe4 Rxc5 25.Qa3 Rxc1+ 26.Rxc1 Qf4 27.Qc3 Bb7 28.
Qd4 Qe5 29.Qxa4 Nf6 30.Qb4 dxe4 31.Qxb7 Qd4+ 32.Kh1 Qxd2 33.Qb3+ Kg7 34.
Rd1 Qf4 35.Qc3 Re8 36.Rf1 Qe5 37.Qb3 e3 38.Ne2 Re7 39.Qc4 Ne4 40.Qc2 Rf7 
41.Rxf7+ Kxf7 42.Qb3+ Kf6 43.Qxe3 Qa1+ 44.Ng1 Kf5 45.Qf3+ Ke5 46.Qe2 Kd4 
47.g3 Nc3 48.Qf2+ Kd3 49.Qf3+ Kc2 50.Qf2+ Kd3 51.Kg2 Qxa2 52.Qxa2 Nxa2 53.
Nf3 Ke3 54.Ng5 h5 55.Ne6 Ke4 1/2-1/2

[Event "11th EUR-ch"]
[Site "Rijeka CRO"]
[Date "2010.03.07"]
[Round "2"]
[White "Boros, Denes"]
[Black "Tassopoulos, Marios"]
[Result "1/2-1/2"]
[WhiteElo "2485"]
[BlackElo "2245"]
[EventDate "2010.03.06"]
[PlyCount "96"]

1.e4 c5 2.Nf3 e6 3.d4 cxd4 4.Nxd4 Nc6 5.Nc3 Nf6 6.a3 Be7 7.f4 d6 8.Be3 O-O
9.Bd3 e5 10.Nb3 Ng4 11.Bd2 exf4 12.Bxf4 Be6 13.Qd2 Bh4+ 14.g3 Bf6 15.Be2 
Re8 16.h3 Nge5 17.O-O-O Rc8 18.Kb1 Nc4 19.Bxc4 Bxc4 20.Bxd6 Bxb3 21.cxb3 
Bxc3 22.bxc3 Rxe4 23.Rhe1 Rxe1 24.Qxe1 Qd7 25.g4 Re8 26.Qf1 Qe6 27.Qb5 
Qe4+ 28.Qd3 h5 29.gxh5 Kh7 30.b4 a6 31.Bc5 Qxd3+ 32.Rxd3 Ne5 33.Rd6 Nc4 
34.Rd4 b5 35.a4 Re1+ 36.Kc2 Re2+ 37.Kd1 Re3 38.axb5 axb5 39.h6 gxh6 40.Rg4
f5 41.Rf4 Rxc3 42.Rxf5 Rxh3 43.Bf2 Na3 44.Ke2 Kg6 45.Rd5 Kf6 46.Be3 Nc2 
47.Bf2 Na3 48.Be3 Nc2 1/2-1/2

[Event "11th EUR-ch"]
[Site "Rijeka CRO"]
[Date "2010.03.07"]
[Round "2"]
[White "Laznicka, Viktor"]
[Black "Papadakis, Michalis"]
[Result "1-0"]
[WhiteElo "2659"]
[BlackElo "2244"]
[EventDate "2010.03.06"]
[PlyCount "63"]

1.d4 d5 2.c4 c6 3.Nc3 Nf6 4.e3 g6 5.Nf3 Bg7 6.Bd3 O-O 7.O-O Nbd7 8.cxd5 
cxd5 9.Qb3 e6 10.Bd2 b6 11.Rfc1 a6 12.Na4 b5 13.Nc5 Nxc5 14.dxc5 Ne4 15.
Be1 f5 16.a4 bxa4 17.Rxa4 Rf7 18.Qa2 Qf8 19.b4 f4 20.Bxe4 dxe4 21.Ng5 Re7 
22.exf4 Qxf4 23.Bd2 Qf5 24.b5 Rb8 25.b6 Qd5 26.Bf4 Be5 27.Bxe5 Qxe5 28.
Nxe4 Bb7 29.f3 Rc8 30.Qa1 Qxa1 31.Raxa1 Kg7 32.Nd6 1-0

[Event "11th EUR-ch"]
[Site "Rijeka CRO"]
[Date "2010.03.07"]
[Round "2"]
[White "Andriasian, Zaven"]
[Black "Sgnaolin, Davide"]
[Result "1-0"]
[WhiteElo "2609"]
[BlackElo "2234"]
[EventDate "2010.03.06"]
[PlyCount "45"]

1.e4 c5 2.Nf3 Nc6 3.Bb5 g6 4.Bxc6 dxc6 5.d3 Bg7 6.h3 Nf6 7.Nc3 O-O 8.Be3 
Nd7 9.Qd2 e5 10.Bh6 Qe7 11.O-O-O Rd8 12.g4 Nf8 13.Bxg7 Kxg7 14.Qe3 f6 15.
Rdg1 Ne6 16.Ne2 Nd4 17.h4 Be6 18.g5 Nxe2+ 19.Qxe2 Rf8 20.h5 f5 21.Nxe5 
fxe4 22.hxg6 hxg6 23.Nxg6 1-0

[Event "11th EUR-ch"]
[Site "Rijeka CRO"]
[Date "2010.03.07"]
[Round "2"]
[White "Szabo, Krisztian"]
[Black "Bakin, Alexander"]
[Result "1/2-1/2"]
[WhiteElo "2513"]
[BlackElo "2232"]
[EventDate "2010.03.06"]
[PlyCount "119"]

1.e4 c6 2.c4 d5 3.exd5 cxd5 4.cxd5 Nf6 5.Nc3 Nxd5 6.Nf3 Nc6 7.Bb5 e6 8.O-O
Be7 9.d4 O-O 10.Re1 a6 11.Bxc6 bxc6 12.Na4 Qd6 13.Bg5 Rd8 14.Nc5 Bxg5 15.
Nxg5 f6 16.Ngxe6 Re8 17.Ng5 Bf5 18.Qf3 Qf4 19.Qxf4 Nxf4 20.Nf3 a5 21.Re3 
Nd5 22.Rxe8+ Rxe8 23.Re1 Rb8 24.Re2 Kf7 25.a3 Bg4 26.Rd2 Bxf3 27.gxf3 Nf4 
28.Kf1 Rd8 29.a4 Rb8 30.Ke1 Rb4 31.b3 Ne6 32.Rd3 Rxd4 33.Rxd4 Nxd4 34.Kd2 
Nxf3+ 35.Ke2 Ne5 36.f4 Ng6 37.Kf3 Ke7 38.Nb7 f5 39.Nxa5 Kd6 40.Nb7+ Kc7 
41.Nc5 Kd6 42.b4 Kd5 43.a5 Ne7 44.Nd7 Kc4 45.Ne5+ Kb5 46.Nd3 Nd5 47.h4 g6 
48.Ke2 c5 49.Nxc5 Nxf4+ 50.Kf3 Nd5 51.Nd3 Nc7 52.Ke2 Kc4 53.Ke3 Nd5+ 54.
Kd2 Nc7 55.Ke3 Nd5+ 56.Kd2 Nc7 57.Ke2 Na6 58.Ke3 Nc7 59.Kd2 Na6 60.Ke3 
1/2-1/2

[Event "11th EUR-ch"]
[Site "Rijeka CRO"]
[Date "2010.03.07"]
[Round "2"]
[White "Carlsson, Pontus"]
[Black "Beletic, Daniel"]
[Result "1-0"]
[WhiteElo "2478"]
[BlackElo "2232"]
[EventDate "2010.03.06"]
[PlyCount "73"]

1.e4 c5 2.Nf3 d6 3.d4 cxd4 4.Nxd4 Nf6 5.Nc3 g6 6.Be3 Bg7 7.f3 O-O 8.Qd2 
Nc6 9.Bc4 Bd7 10.Bb3 Qa5 11.O-O-O Ne5 12.h4 Rfc8 13.g4 Rc4 14.g5 Rxd4 15.
Bxd4 Nxf3 16.Qf2 Nxd4 17.Rxd4 Nh5 18.Qxf7+ Kh8 19.Rd3 Qe5 20.Rd5 Qf4+ 21.
Qxf4 Nxf4 22.Rd2 a5 23.Rf1 Be5 24.Rdf2 a4 25.Bc4 Rc8 26.b3 axb3 27.axb3 
Bh3 28.Rxf4 Bxf1 29.Rxf1 Bxc3 30.Kd1 h6 31.Rf7 hxg5 32.hxg5 Rc7 33.Rf8+ 
Kg7 34.Rf7+ Kh8 35.Ke2 Bb2 36.Kd2 Be5 37.Kd3 1-0

[Event "11th EUR-ch"]
[Site "Rijeka CRO"]
[Date "2010.03.07"]
[Round "2"]
[White "Mihalinec, Damir"]
[Black "Brunello, Sabino"]
[Result "1/2-1/2"]
[WhiteElo "2232"]
[BlackElo "2476"]
[EventDate "2010.03.06"]
[PlyCount "118"]

1.e4 c5 2.Nf3 e6 3.Nc3 Nc6 4.d4 cxd4 5.Nxd4 Qc7 6.Ndb5 Qb8 7.Be3 a6 8.Bb6 
axb5 9.Nxb5 Bb4+ 10.c3 Ba5 11.Nc7+ Kf8 12.Nxa8 Qxa8 13.Qd6+ Nge7 14.Qa3 
Qb8 15.Bxa5 Qe5 16.Bb6 Qxe4+ 17.Be3 f5 18.Qd6 Kf7 19.Bd3 Qxg2 20.O-O-O Qd5
21.Qxd5 Nxd5 22.Bc5 Nf6 23.Bd6 g5 24.Rhg1 g4 25.b4 b6 26.Kb2 Bb7 27.Bc7 
Nd5 28.Bxf5 Rc8 29.Bg3 Ncxb4 30.Bxh7 Na6 31.Be5 d6 32.Bxd6 Nxc3 33.Rd3 Nc5
34.Bxc5 Na4+ 35.Kb1 Nxc5 36.Rd6 Rh8 37.Bc2 Bf3 38.Rxb6 Rxh2 39.Rb2 Kf6 40.
Bd1 e5 41.a4 Bxd1 42.Rxd1 Nxa4 43.Rc2 Rh3 44.Rd6+ Kf5 45.Rcc6 Rb3+ 46.Ka2 
Rb5 47.Ka3 Nb6 48.Rh6 Nd5 49.Rh5+ Kf4 50.Rc4+ e4 51.Rc8 Kf3 52.Rf5+ Ke2 
53.Rg8 Nc3 54.Rxb5 Nxb5+ 55.Kb4 Kxf2 56.Rxg4 e3 57.Kxb5 e2 58.Re4 e1=Q 59.
Rxe1 Kxe1 1/2-1/2

[Event "11th EUR-ch"]
[Site "Rijeka CRO"]
[Date "2010.03.07"]
[Round "2"]
[White "Durarbayli, Vasif"]
[Black "Gebigke, Martin"]
[Result "1-0"]
[WhiteElo "2476"]
[BlackElo "2232"]
[EventDate "2010.03.06"]
[PlyCount "149"]

1.e4 c5 2.Nc3 d6 3.d4 cxd4 4.Qxd4 Nc6 5.Bb5 Qd7 6.Bxc6 bxc6 7.Nf3 Nf6 8.
O-O e5 9.Qd3 Be7 10.b3 O-O 11.Ba3 Rd8 12.Rad1 Qe6 13.Rfe1 Nh5 14.Ne2 a5 
15.Qc3 Bb7 16.Ng3 Nxg3 17.hxg3 a4 18.Bc1 axb3 19.axb3 Ra2 20.Be3 Rda8 21.
Qb4 Qc8 22.Rd2 c5 23.Qc4 Ba6 24.Qc3 Bb5 25.Rdd1 Qb7 26.Nd2 Qa6 27.Nb1 Qb7 
28.Qd2 Bc6 29.f3 Bf8 30.Nc3 R2a3 31.Nd5 Bxd5 32.Qxd5 Qxd5 33.Rxd5 f6 34.
Kf2 Ra2 35.Rd2 Rb8 36.Ke2 Kf7 37.f4 Be7 38.Kd3 Rb4 39.f5 Bd8 40.Rdd1 Rb7 
41.Bd2 Ke7 42.Ra1 Rba7 43.Rxa2 Rxa2 44.Rh1 h6 45.Bc3 Kd7 46.Ra1 Rxa1 47.
Bxa1 Ba5 48.Bc3 Bb6 49.Kc4 Kc6 50.g4 Bc7 51.Be1 Bb6 52.Bf2 Ba5 53.c3 Bb6 
54.b4 Ba7 55.b5+ Kd7 56.Be1 Bb6 57.Kb3 Bd8 58.Ka4 Kc8 59.c4 Kb7 60.Ba5 Be7
61.Kb3 Kc8 62.Kc3 Kd7 63.Kd3 Kc8 64.Ke3 Kd7 65.Kf3 Kc8 66.Kg3 Kd7 67.Kh4 
d5 68.cxd5 Bd6 69.Kh5 Ke7 70.Kg6 Kf8 71.b6 c4 72.b7 Kg8 73.Bb4 Bb8 74.d6 
c3 75.d7 1-0

[Event "11th EUR-ch"]
[Site "Rijeka CRO"]
[Date "2010.03.07"]
[Round "2"]
[White "Tate, Alan"]
[Black "Arkell, Keith"]
[Result "0-1"]
[WhiteElo "2215"]
[BlackElo "2474"]
[EventDate "2010.03.06"]
[PlyCount "96"]

1.Nf3 d5 2.c4 e6 3.g3 Nf6 4.Bg2 Nbd7 5.O-O c6 6.Qc2 Be7 7.d4 O-O 8.Nbd2 b6
9.e4 dxe4 10.Nxe4 Nxe4 11.Qxe4 Bb7 12.Rd1 Nf6 13.Qe2 Qc7 14.Bf4 Bd6 15.
Bxd6 Qxd6 16.Ne5 Rab8 17.Qe3 c5 18.dxc5 Qxc5 19.Qxc5 bxc5 20.Rd2 h6 21.
Rad1 Bxg2 22.Kxg2 Rfc8 23.Kf3 a5 24.Rc1 Rb7 25.Rcd1 Kh7 26.h4 g5 27.hxg5 
hxg5 28.Rd8 Rcc7 29.R1d2 a4 30.Ra8 Ra7 31.Rxa7 Rxa7 32.Rd8 Rb7 33.Nd3 Nd7 
34.Rc8 Kg7 35.Ke3 Kf6 36.Rc6 Kg6 37.Kd2 Kf5 38.Ke3 Kg4 39.Rc8 e5 40.Rg8 e4
41.f3+ exf3 42.Nf2+ Kh5 43.Ne4 f6 44.Rg7 Kg4 45.Rf7 Rxb2 46.Rxd7 Re2+ 47.
Kd3 f5 48.Nd6 Re1 0-1